000 00304nam a2200109Ia 4500
008 171211s9999 xx 000 0 und d
245 _aeCommerce in the Cloud
245 _cKelly Goetsch
260 _c2014
650 _xIT eBOOKS
856 _uhttp://down.ebook777.com/020/eCommerce%20in%20the%20Cloud.pdf
999 _c349854
_d349854